Prueba de Santa Cruz - Estadísticas

Estadísticas generales
  • Esta prueba ha sido intentada 6 veces
  • La puntuación promedio es 10 de 14
Estadísticas de respuestas
Pregunta Respuesta % Correcto
Año en que asumió tal presidencia 2003
80%
Única provincia limítrofe por tierra Chubut
80%
Ciudad turística cerca de esa parque nacional cuyo nombre deriva de una flor El Calafate
80%
El lago patagónico más grande de Argentina Lago Argentino
80%
Presidente que nació en Santa Cruz Néstor Kirchner
80%
Este glaciar, nombrado por un explorado, es conocido por seguir avanzando mientras otros retroceden Perito Moreno
80%
Capital Río Gallegos
80%
Gentilicio Santacruceño
80%
Nombre alternativo del Monte Fitz Roy Cerro Chaltén
60%
Parque nacional que cubre unos 3% del territorio provincial Los Glaciares
60%
Evento de huelga entre 1920 y 1922 «Patagonia rebelde»
60%
Ruta Nacional que acaba en ese cabo Ruta Nacional 40
60%
Este cabo es el punto más sudoriental de la Argentina continental Cabo Vírgenes
40%
Actor y ganador de un Premio Cóndor de Plata Luciano {Cáceres}
40%
No se encontraron pruebas coincidentes
Distribución de puntuación
Porcentaje de gente con cada puntuación
Porcentaje por número respondido
Historial de tus puntuaciones
No has intentado esta prueba.